|
|
|
|
| LEADER |
01105nam a2200265 i 4500 |
| 001 |
c000098413 |
| 003 |
CARM |
| 005 |
00000000000000.0 |
| 008 |
810225r19801949enk 00011 eng d |
| 015 |
|
|
|a B8010800
|
| 019 |
1 |
|
|a 1942034
|5 LACONCORD2021
|
| 020 |
|
|
|a 0450047326 :
|c L.4.25
|
| 035 |
|
|
|a (OCoLC)7697785
|5 LACONCORD2021
|
| 100 |
1 |
|
|a Heinlein, Robert A.
|q (Robert Anson),
|d 1907-1988.
|
| 240 |
1 |
0 |
|a Sixth column
|
| 245 |
1 |
4 |
|a The day after tomorrow /
|c [by] Robert A. Heinlein.
|
| 260 |
|
|
|a London :
|b New English Library,
|c 1980.
|
| 300 |
|
|
|a 141p ;
|c 21cm.
|
| 500 |
|
|
|a Fiction in English, 1900-. Texts (BNB/PRECIS)
|
| 500 |
|
|
|a Originally published: as 'Sixth column'. New York : Gnome Press, 1949 ; and as 'The day after tomorrow'. New York : New American Library, 1958 ; London : Mayflower, 1962.
|
| 650 |
|
0 |
|a English fiction.
|
| 852 |
8 |
|
|b CARM
|h A2:AI23G0
|i A01977
|p 0133442
|f BK
|
| 082 |
0 |
4 |
|a 823/.9/1F
|
| 999 |
f |
f |
|i 1821bc65-e983-5bba-b3d0-e29e9fca1a92
|s 8ad8f8fa-4a29-5126-af3b-5caa18db875b
|
| 952 |
f |
f |
|p Can circulate
|a CAVAL
|b CAVAL
|c CAVAL
|d CARM 1 Store
|e A01977
|f A2:AI23G0
|h Other scheme
|i book
|m 0133442
|